Mi vida / (Registro nro. 1700)
[ vista simple ]
| 000 -CABECERA | |
|---|---|
| campo de control de longitud fija | 00655nam a2200217 a 4500 |
| 001 - NÚMERO DE CONTROL | |
| campo de control | 000001823 |
| 005 - FECHA Y HORA DE LA ÚLTIMA TRANSACCIÓN | |
| campo de control | 20200929145722.0 |
| 008 - DATOS DE LONGITUD FIJA--INFORMACIÓN GENERAL | |
| campo de control de longitud fija | 090629s2006 sp 000 spa d |
| 020 ## - NÚMERO INTERNACIONAL ESTÁNDAR DEL LIBRO | |
| Número Internacional Estándar del Libro | 8474908051 |
| 040 ## - FUENTE DE LA CATALOGACIÓN | |
| Centro catalogador/agencia de origen | DO-SdBNP |
| Lengua de catalogación | spa |
| Centro/agencia transcriptor | BNPHU |
| 082 ## - NÚMERO DE LA CLASIFICACIÓN DECIMAL DEWEY | |
| Número de clasificación | 922.2 |
| Número de documento/Ítem | R238m |
| 100 1# - ENTRADA PRINCIPAL--NOMBRE DE PERSONA | |
| Nombre de persona | Ratzinger, Joseph |
| 9 (RLIN) | 5928 |
| 245 10 - MENCIÓN DE TÍTULO | |
| Título | Mi vida / |
| Mención de responsabilidad, etc. | Joseph Ratzinger. |
| 246 13 - FORMA VARIANTE DE TÍTULO | |
| Título propio/Titulo breve | Aus meinem leben erinnerungen 1927-1977 |
| 260 ## - PUBLICACIÓN, DISTRIBUCIÓN, ETC. | |
| Lugar de publicación, distribución, etc. | Madrid, |
| Fecha de publicación, distribución, etc. | 2006. |
| Nombre del editor, distribuidor, etc. | Encuentro. |
| 300 ## - DESCRIPCIÓN FÍSICA | |
| Extensión | 188 p. : |
| Otras características físicas | il. ; |
| Dimensiones | 19 cm. |
| 500 ## - NOTA GENERAL | |
| Nota general | Incluye indice |
| 650 #4 - PUNTO DE ACCESO ADICIONAL DE MATERIA--TÉRMINO DE MATERIA | |
| Término de materia o nombre geográfico como elemento de entrada | Ratzinger, joseph |
| Subdivisión cronológica | 1927- |
| 9 (RLIN) | 5929 |
| 700 1# - PUNTO DE ACCESO ADICIONAL--NOMBRE DE PERSONA | |
| Nombre de persona | Rouco Varela, Antonio |
| Término indicativo de función/relación | prologo |
| 9 (RLIN) | 5930 |
| 700 1# - PUNTO DE ACCESO ADICIONAL--NOMBRE DE PERSONA | |
| Nombre de persona | Scola, Angelo |
| Término indicativo de función/relación | introduccion |
| 9 (RLIN) | 5931 |
| Estado de retiro | Estado de pérdida | Restricciones de uso | No para préstamo | Código de colección | Localización permanente | Ubicación/localización actual | Ubicación en estantería | Fecha de adquisición | Número de inventario | Total de préstamos | Signatura topográfica completa | Código de barras | Fecha visto por última vez | Precio válido a partir de | Tipo de ítem Koha |
|---|---|---|---|---|---|---|---|---|---|---|---|---|---|---|---|
| Excluido de préstamo | Monografías: Libros y Folletos | General | General | En catalogación | 29.06.2009 | LF1 | 922.2 R238m | 1823-10 | 25.06.2020 | 25.06.2020 | No se presta |
